000 00742 a2200217 4500
005 20251121124504.0
008 251121b |||||||| |||| 00| 0 eng d
020 _a9789359448589 (pbk)
037 _cTB
040 _aCRL
_cCRL
041 _2eng
_aeng
084 _aR85 R1
_qCRL
245 _aGlimpses of western philosophy
260 _bDev Publishers,
_c2025.
_aNew Delhi, India:
300 _aviii, 342p.
365 _b1495.00
_cINR
650 _aWestern Philosophy
_9852813
700 _aNirmalya Narayan Chakraborty
_eeditor.
_9852814
942 _cTB
_2CC
_n0
_hR85 R1
999 _c1435786
_d1435786